[Event "DEM U12/U12w 2004"]
[Site "Willingen GER"]
[Date "2004.05.30"]
[Round "2"]
[White "Belger, Christian"]
[Black "Mertens, Pauline"]
[Result "1-0"]
[Termination "normal"]
[Board "23"]
[WhiteElo "1581"]
[BlackElo "1375"]
[PlyCount "79"]
[WhiteFideId "24622940"]
[BlackFideId "24671959"]
[EventCountry "GER"]
[EventRounds "11"]
[EventType "swiss"]
[EventDate "2004.05.29"]

1. e4 c5 2. Nf3 d6 3. d4 cxd4 4. Nxd4 Nf6 5. Nc3 a6 6. Be2 e5 7. Nb3 Be6 8. O-O
Be7 9. Kh1 O-O 10. f4 Qc7 11. Qe1 b5 12. a3 Nbd7 13. Be3 Nb6 14. fxe5 dxe5 15.
Qg3 Rfd8 16. Bh6 g6 17. Bg5 Nbd7 18. Qh4 Bxb3 19. cxb3 Qc6 20. Rac1 Qb6 21. Nd5
Nxd5 22. Bxe7 Nxe7 23. Qxe7 f6 24. Bg4 Nf8 25. Rc7 Nd7 26. Rxd7 Rxd7 27. Qxd7
Rd8 28. Qe6+ Qxe6 29. Bxe6+ Kg7 30. Kg1 Rd2 31. Rf2 Rd1+ 32. Rf1 Rd2 33. g4
Rxb2 34. Rf2 Rb1+ 35. Kg2 Ra1 36. h4 Rxa3 37. g5 fxg5 38. hxg5 h6 39. Rf7+ Kh8
40. gxh6 1-0

[Event "DEM U12/U12w 2004"]
[Site "Willingen GER"]
[Date "2004.05.30"]
[Round "2"]
[White "Schrödter, Thomas"]
[Black "Falke, Cynthia"]
[Result "1-0"]
[Termination "normal"]
[Board "24"]
[WhiteElo "1827"]
[BlackElo "1197"]
[PlyCount "107"]
[BlackFideId "24600644"]
[EventCountry "GER"]
[EventRounds "11"]
[EventType "swiss"]
[EventDate "2004.05.29"]

1. d4 d5 2. c4 Nf6 3. Nc3 e6 4. cxd5 exd5 5. Bg5 Be7 6. e3 Nc6 7. Be2 Bd7 8.
Bxf6 Bxf6 9. Nxd5 Bg5 10. Nf3 Bh6 11. Nc3 Qe7 12. Qb3 O-O-O 13. O-O Qf6 14. Bb5
Qg6 15. Bxc6 Bxc6 16. d5 Bd7 17. Ne5 Qh5 18. Nxd7 Rxd7 19. Rfc1 Re8 20. d6 Rxe3
21. fxe3 Bxe3+ 22. Kh1 Bf4 23. h3 Bxc1 24. Rxc1 Rxd6 25. Rd1 Rxd1+ 26. Qxd1
Qxd1+ 27. Nxd1 Kd7 28. Kg1 c5 29. Kf2 b6 30. Ke3 Kd6 31. Nc3 f5 32. Nb5+ Kd5
33. Nxa7 g5 34. Nb5 f4+ 35. Ke2 h5 36. Nc7+ Ke5 37. Kf3 Kf5 38. Nd5 b5 39. Nc7
b4 40. Na6 Ke5 41. Nxc5 Kd5 42. Nd3 Kc4 43. Nxb4 Kxb4 44. Ke4 Kc4 45. Kf5 g4
46. Kxf4 gxh3 47. gxh3 Kd4 48. Kg5 Kc4 49. Kxh5 Kd3 50. Kg4 Kc2 51. h4 Kxb2 52.
h5 Kxa2 53. h6 Kb2 54. h7 1-0

[Event "DEM U12/U12w 2004"]
[Site "Willingen GER"]
[Date "2004.05.30"]
[Round "2"]
[White "Bochis, Julia"]
[Black "Jorczik, Julian"]
[Result "0-1"]
[Termination "normal"]
[Board "25"]
[WhiteElo "1261"]
[BlackElo "1792"]
[PlyCount "112"]
[WhiteFideId "24647276"]
[BlackFideId "24611719"]
[EventCountry "GER"]
[EventRounds "11"]
[EventType "swiss"]
[EventDate "2004.05.29"]

1. d4 Nf6 2. Nf3 g6 3. e3 Bg7 4. Bd3 d6 5. c3 O-O 6. O-O Nbd7 7. Nbd2 e5 8. e4
Qe7 9. Re1 Nh5 10. Nf1 b6 11. Bg5 f6 12. Bh4 g5 13. Bg3 Nf4 14. Bxf4 gxf4 15.
Bc4+ Kh8 16. Bd5 Rb8 17. g3 Bh6 18. Bc6 Rg8 19. Kh1 Nf8 20. Ng1 Rg6 21. Bb5 Ne6
22. Be2 Ng7 23. Bf3 b5 24. a3 a5 25. b4 a4 26. d5 f5 27. Qe2 fxg3 28. fxg3 f4
29. c4 Bd7 30. Qc2 bxc4 31. Be2 fxg3 32. Nxg3 Bf4 33. Qc3 Qh4 34. Nf3 Rxg3 35.
Nxh4 Rxc3 36. Nf3 Bg4 37. Kg2 Bxf3+ 38. Bxf3 Rc2+ 39. Re2 Rxe2+ 40. Bxe2 Rg8
41. Bxc4 Nf5+ 42. Kf2 Ne3 43. Bb5 Rg2+ 44. Kf3 Rxh2 45. Bxa4 Nc4 46. Bc6 Nd2+
47. Kg4 Kg7 48. Be8 Kf6 49. a4 Rg2+ 50. Kh3 Rg3+ 51. Kh2 Ra3+ 52. Kg2 Rxa1 53.
a5 Be3 54. Bb5 Rg1+ 55. Kh2 Nf3+ 56. Kh3 Bf2 0-1

[Event "DEM U12/U12w 2004"]
[Site "Willingen GER"]
[Date "2004.05.30"]
[Round "2"]
[White "Aslan, Benjamin"]
[Black "Raykhman, Alexsander"]
[Result "0-1"]
[Termination "normal"]
[Board "26"]
[WhiteElo "1232"]
[BlackElo "1609"]
[PlyCount "92"]
[WhiteFideId "24640298"]
[EventCountry "GER"]
[EventRounds "11"]
[EventType "swiss"]
[EventDate "2004.05.29"]

1. d4 Nf6 2. c4 g6 3. Nc3 Bg7 4. e4 d6 5. Nf3 O-O 6. Be2 e5 7. d5 Nbd7 8. O-O
a5 9. Ne1 Nc5 10. Bf3 Ne8 11. Nd3 Nxd3 12. Qxd3 f5 13. exf5 Bxf5 14. Be4 Bxe4
15. Nxe4 b6 16. Ng5 Qd7 17. Ne6 Rf7 18. f4 exf4 19. Nxg7 Nxg7 20. Bxf4 Raf8 21.
Bh6 Rxf1+ 22. Rxf1 Rxf1+ 23. Qxf1 Qf7 24. Qxf7+ Kxf7 25. g4 Ne8 26. Kf2 Kf6 27.
Ke3 g5 28. Kd4 Kg6 29. Bf8 Kf7 30. Bh6 Kf6 31. Ke4 Kg6 32. Bf8 Nf6+ 33. Kf3 Kf7
34. Bh6 Kg6 35. Bf8 Ng8 36. Ke4 h6 37. a3 Kf6 38. b4 axb4 39. axb4 Kf7 40. Bxd6
cxd6 41. Kd4 Ke7 42. c5 bxc5+ 43. bxc5 dxc5+ 44. Kxc5 Nf6 45. h3 Kd7 46. d6
Ne4+ 0-1

[Event "DEM U12/U12w 2004"]
[Site "Willingen GER"]
[Date "2004.05.30"]
[Round "2"]
[White "Yakovenko, Oleg"]
[Black "Dzodziev, Daniel"]
[Result "0-1"]
[Termination "normal"]
[Board "27"]
[WhiteElo "1365"]
[BlackElo "1544"]
[PlyCount "82"]
[WhiteFideId "4696000"]
[EventCountry "GER"]
[EventRounds "11"]
[EventType "swiss"]
[EventDate "2004.05.29"]

1. e4 e5 2. Nf3 Nc6 3. Bb5 Nf6 4. O-O Bc5 5. d3 d6 6. Bg5 Bd7 7. Nc3 h6 8. Bh4
g5 9. Bg3 Qe7 10. Qd2 O-O-O 11. h4 g4 12. Nh2 Nh5 13. Kh1 Rdf8 14. Nd5 Qe6 15.
b4 Bb6 16. a4 a6 17. Bc4 Qe8 18. b5 axb5 19. axb5 Nb8 20. Nxb6+ cxb6 21. Qc3
Kd8 22. Ra8 Nxg3+ 23. fxg3 Ke7 24. Qb3 h5 25. Rfa1 Be6 26. Bd5 Qd7 27. R1a7 Rc8
28. Rxb7 Qxb7 29. Bxb7 Bxb3 30. Bxc8 Rxc8 31. c4 Kd8 32. Nf1 Nd7 33. Ra3 Nc5
34. Ne3 Kc7 35. Ra7+ Kb8 36. Rxf7 Nxd3 37. Nd5 Rxc4 38. Nxb6 Rc1+ 39. Kh2 Bxf7
40. Nd5 Bxd5 41. exd5 Kc7 0-1

[Event "DEM U12/U12w 2004"]
[Site "Willingen GER"]
[Date "2004.05.30"]
[Round "2"]
[White "Strunski, Andreas"]
[Black "Dürre, Gregor"]
[Result "1-0"]
[Termination "normal"]
[Board "28"]
[WhiteElo "1942"]
[BlackElo "1370"]
[PlyCount "71"]
[WhiteFideId "24606073"]
[EventCountry "GER"]
[EventRounds "11"]
[EventType "swiss"]
[EventDate "2004.05.29"]

1. d4 d5 2. c4 e6 3. Nc3 Nf6 4. cxd5 exd5 5. Bg5 Nbd7 6. e3 Bb4 7. Nf3 h6 8.
Bh4 c6 9. Qc2 Qa5 10. Bd3 Bxc3+ 11. bxc3 O-O 12. O-O Qc7 13. Rae1 b6 14. Nd2
Bb7 15. f3 c5 16. Bg3 Qc8 17. Qb2 Re8 18. e4 c4 19. Bb1 Nh5 20. Bh4 Ndf6 21. e5
Nh7 22. Qc2 Nf8 23. h3 Qd7 24. f4 g6 25. g4 Ng7 26. Nf3 h5 27. Qg2 Bc8 28. f5
Rb8 29. Bf6 hxg4 30. hxg4 Qc6 31. Bxg7 Kxg7 32. f6+ Kg8 33. Qh3 Qd7 34. Bf5
gxf5 35. Qh6 fxg4 36. Qg7# 1-0

[Event "DEM U12/U12w 2004"]
[Site "Willingen GER"]
[Date "2004.05.30"]
[Round "2"]
[White "Hinz, Arne"]
[Black "Wild, Katharina"]
[Result "0-1"]
[Termination "normal"]
[Board "29"]
[WhiteElo "1524"]
[BlackElo "1249"]
[PlyCount "24"]
[WhiteFideId "24634875"]
[BlackFideId "24678015"]
[EventCountry "GER"]
[EventRounds "11"]
[EventType "swiss"]
[EventDate "2004.05.29"]

1. e4 c6 2. d4 d5 3. e5 Bf5 4. Nf3 e6 5. Be2 c5 6. c3 Nd7 7. O-O Ne7 8. Nbd2
Nc6 9. Re1 Qb6 10. Nf1 Be7 11. Ng3 Bg6 12. Rb1 Bxb1 0-1

[Event "DEM U12/U12w 2004"]
[Site "Willingen GER"]
[Date "2004.05.30"]
[Round "2"]
[White "Voss, Chantal"]
[Black "Mohr, Fides"]
[Result "0-1"]
[Termination "normal"]
[Board "30"]
[WhiteElo "1247"]
[BlackElo "1389"]
[PlyCount "87"]
[WhiteFideId "4664906"]
[EventCountry "GER"]
[EventRounds "11"]
[EventType "swiss"]
[EventDate "2004.05.29"]

1. d4 d5 2. c4 e6 3. Nc3 c6 4. Nf3 dxc4 5. e3 b5 6. Qc2 Nf6 7. Bd2 Bb4 8. Be2
O-O 9. O-O Bb7 10. a3 Bd6 11. e4 Bc7 12. e5 Nd5 13. Ng5 g6 14. Bh5 Nxc3 15.
bxc3 Qd7 16. f4 f6 17. exf6 gxh5 18. f7+ Rxf7 19. Nxf7 Qxf7 20. f5 exf5 21.
Rxf5 Qe8 22. Re1 Qd7 23. Rxh5 Na6 24. Rg5+ Kh8 25. Rh5 Rf8 26. Re3 Qf7 27. Rf3
Qxh5 28. Rxf8+ Kg7 29. Rf3 Qxh2+ 30. Kf2 c5 31. Rh3 Qf4+ 32. Ke1 Qe4+ 33. Qxe4
Bxe4 34. Re3 Bxg2 35. dxc5 h5 36. Kf2 Bd5 37. Rh3 Kg6 38. Re3 Nxc5 39. Re7 Bb6
40. Kg3 Ne4+ 41. Kh3 Nxd2 42. Re1 Ne4 43. Rb1 a6 44. Rb4 0-1

[Event "DEM U12/U12w 2004"]
[Site "Willingen GER"]
[Date "2004.05.30"]
[Round "2"]
[White "Oltzen, Samuel"]
[Black "Gremmer, Jan"]
[Result "1-0"]
[Termination "normal"]
[Board "31"]
[WhiteElo "1389"]
[BlackElo "1240"]
[PlyCount "49"]
[EventCountry "GER"]
[EventRounds "11"]
[EventType "swiss"]
[EventDate "2004.05.29"]

1. e4 e5 2. Nf3 Nc6 3. Bc4 Bc5 4. c3 Nf6 5. d4 exd4 6. cxd4 Bb4+ 7. Nc3 Nxe4 8.
O-O Bxc3 9. d5 Bf6 10. Re1 Ne7 11. Rxe4 d6 12. Bg5 Bxg5 13. Nxg5 f6 14. Bb5+
Bd7 15. Ne6 Qc8 16. Nxg7+ Kf7 17. Qh5+ Ng6 18. Bxd7 Qxd7 19. Nf5 Rae8 20. Rae1
Rxe4 21. Rxe4 c6 22. Re7+ Qxe7 23. Nxe7 Re8 24. Qxh7+ Kf8 25. Nxg6# 1-0

[Event "DEM U12/U12w 2004"]
[Site "Willingen GER"]
[Date "2004.05.30"]
[Round "2"]
[White "Jebtchouk, Dimitrij"]
[Black "Jung, Gerhard"]
[Result "0-1"]
[Termination "normal"]
[Board "32"]
[WhiteElo "1235"]
[BlackElo "1386"]
[PlyCount "116"]
[BlackFideId "24629812"]
[EventCountry "GER"]
[EventRounds "11"]
[EventType "swiss"]
[EventDate "2004.05.29"]

1. e4 e5 2. Nf3 Nc6 3. Bc4 Nf6 4. Nc3 Nxe4 5. Nxe4 d5 6. Bxd5 Qxd5 7. Nc3 Qd8
8. O-O Bg4 9. Qe2 Bd6 10. Qe4 Bxf3 11. Qxf3 O-O 12. d3 Qh4 13. Ne4 Nd4 14. Qd1
h6 15. Be3 f5 16. Nxd6 cxd6 17. Bxd4 Qxd4 18. c3 Qb6 19. Qb3+ Qxb3 20. axb3 a6
21. f4 e4 22. dxe4 fxe4 23. Rfd1 Rad8 24. g3 d5 25. Ra4 Kf7 26. Kg2 Ke6 27.
Rad4 g5 28. c4 gxf4 29. cxd5+ Ke5 30. Rb4 f3+ 31. Kf2 Rxd5 32. Re1 Rd2+ 33. Ke3
Rd3+ 34. Kf2 e3+ 35. Rxe3+ Rxe3 36. Kxe3 f2 37. Re4+ Kd5 38. Rd4+ Kc5 39. Rc4+
Kb5 40. Rf4 Rxf4 41. gxf4 f1=Q 42. Ke4 Qe2+ 43. Kf5 Qxh2 44. Ke5 h5 45. Ke4
Qe2+ 46. Kf5 h4 47. Kg5 h3 48. f5 h2 49. f6 h1=Q 50. Kg6 Qhg2+ 51. Kf7 Qh5+ 52.
Ke7 Qe4+ 53. Kd7 Qhd5+ 54. Kc7 Qc6+ 55. Kb8 Qee8+ 56. Ka7 Qec8 57. f7 b6 58.
f8=Q Q6b7# 0-1

[Event "DEM U12/U12w 2004"]
[Site "Willingen GER"]
[Date "2004.05.30"]
[Round "2"]
[White "Günnigmann, Manuel"]
[Black "Frey, Alisa"]
[Result "0-1"]
[Termination "normal"]
[Board "33"]
[WhiteElo "1383"]
[BlackElo "1233"]
[PlyCount "46"]
[WhiteFideId "24640360"]
[BlackFideId "24634662"]
[EventCountry "GER"]
[EventRounds "11"]
[EventType "swiss"]
[EventDate "2004.05.29"]

1. e4 e5 2. Nf3 Nc6 3. Bc4 Nf6 4. d3 Bc5 5. c3 d5 6. exd5 Nxd5 7. b4 Bb6 8. b5
Na5 9. O-O f6 10. Re1 O-O 11. Ba3 Re8 12. Bb4 Nxc4 13. dxc4 Nxb4 14. cxb4 e4
15. Qxd8 Rxd8 16. c5 exf3 17. cxb6 axb6 18. gxf3 Bh3 19. Nc3 Ra3 20. Rac1 Rd3
21. Re3 Raxc3 22. Rce1 Rxe3 23. fxe3 Rc2 0-1

[Event "DEM U12/U12w 2004"]
[Site "Willingen GER"]
[Date "2004.05.30"]
[Round "2"]
[White "Wolff, Christoph"]
[Black "Pantusenko, Valeria"]
[Result "1-0"]
[Termination "normal"]
[Board "34"]
[WhiteElo "1374"]
[BlackElo "1217"]
[PlyCount "57"]
[WhiteFideId "24659495"]
[BlackFideId "4662920"]
[EventCountry "GER"]
[EventRounds "11"]
[EventType "swiss"]
[EventDate "2004.05.29"]

1. Nc3 d5 2. e4 d4 3. Nce2 e5 4. Ng3 Nf6 5. Bc4 Nbd7 6. Nf3 Nb6 7. Bb3 Bd6 8.
d3 h6 9. Bd2 Bd7 10. O-O Qe7 11. c3 dxc3 12. bxc3 O-O-O 13. d4 exd4 14. cxd4
Bxg3 15. hxg3 Nxe4 16. Re1 f5 17. Bc2 Nc4 18. Qe2 Ncd6 19. Bf4 Rde8 20. Rac1
Bc6 21. Nh4 Qf6 22. Qd3 Bb5 23. Qf3 g5 24. Be5 Rxe5 25. dxe5 Qxe5 26. Ng6 Qf6
27. Nxh8 Qxh8 28. Bxe4 Nxe4 29. Qxf5+ 1-0

[Event "DEM U12/U12w 2004"]
[Site "Willingen GER"]
[Date "2004.05.30"]
[Round "2"]
[White "Simonow, Andrej"]
[Black "Dietrich, Stefan"]
[Result "1-0"]
[Termination "normal"]
[Board "35"]
[WhiteElo "1370"]
[BlackElo "1176"]
[PlyCount "55"]
[WhiteFideId "24637637"]
[EventCountry "GER"]
[EventRounds "11"]
[EventType "swiss"]
[EventDate "2004.05.29"]

1. Nf3 d5 2. d4 Nf6 3. c4 e6 4. Nc3 Nc6 5. Bg5 Be7 6. e3 Ne4 7. Bxe7 Qxe7 8.
Nxe4 dxe4 9. Nd2 O-O 10. Nxe4 e5 11. d5 Bf5 12. Bd3 Nb4 13. Bb1 Rad8 14. O-O
Bxe4 15. Bxe4 c6 16. a3 Na6 17. Qc2 g6 18. dxc6 f5 19. Bd5+ Kh8 20. cxb7 Nc5
21. Qc3 Rfe8 22. Qb4 Rb8 23. Rfd1 Nxb7 24. Qxe7 Rxe7 25. b4 e4 26. c5 Kg7 27.
Rd2 Kf6 28. Rad1 1-0

[Event "DEM U12/U12w 2004"]
[Site "Willingen GER"]
[Date "2004.05.30"]
[Round "2"]
[White "Knöchel, Sarah"]
[Black "Sancar, Kenan"]
[Result "0-1"]
[Termination "normal"]
[Board "36"]
[WhiteElo "1211"]
[BlackElo "1367"]
[PlyCount "128"]
[BlackFideId "24647543"]
[EventCountry "GER"]
[EventRounds "11"]
[EventType "swiss"]
[EventDate "2004.05.29"]

1. e4 e5 2. Nf3 Nc6 3. Bb5 Bc5 4. O-O Nf6 5. h3 O-O 6. Re1 d6 7. c3 a6 8. Bc4
Be6 9. Bb3 Bxb3 10. axb3 Nd7 11. d4 exd4 12. cxd4 Bb6 13. Nc3 f5 14. Bg5 Qc8
15. Nd5 Kh8 16. Nxb6 Nxb6 17. e5 dxe5 18. dxe5 h6 19. Bf4 Qe6 20. Qc2 Rad8 21.
Rad1 Rxd1 22. Rxd1 Nd5 23. Bg3 Ndb4 24. Qc3 Re8 25. Kh1 Qf7 26. Nd4 f4 27. Nxc6
Nxc6 28. Bh2 Rxe5 29. Qc4 Qxc4 30. bxc4 g5 31. b3 Re7 32. g3 f3 33. g4 Na5 34.
Rb1 b5 35. b4 Nxc4 36. Rb3 Re1+ 37. Bg1 Nd2 38. Rd3 Re2 39. Rd8+ Kg7 40. Rd7+
Kf6 41. Rxc7 Nc4 42. Rc6+ Re6 43. Rxe6+ Kxe6 44. Bh2 a5 45. bxa5 Nxa5 46. Bc7
Nc4 47. Bb8 b4 48. Ba7 b3 49. Bd4 b2 50. Bxb2 Nxb2 51. Kh2 Ke5 52. Kg3 Ke4 53.
h4 Nd3 54. h5 Ne5 55. Kh3 Kf4 56. Kh2 Kxg4 57. Kh1 Kh3 58. Kg1 Nd3 59. Kf1 g4
60. Kg1 Nxf2 61. Kxf2 g3+ 62. Kxf3 g2 63. Kf2 Kh2 64. Kf3 g1=Q 0-1

[Event "DEM U12/U12w 2004"]
[Site "Willingen GER"]
[Date "2004.05.30"]
[Round "2"]
[White "Hohmann, Louisa"]
[Black "Mätzig, Lara Annabelle"]
[Result "1-0"]
[Termination "normal"]
[Board "38"]
[WhiteElo "1339"]
[BlackElo "1136"]
[PlyCount "67"]
[EventCountry "GER"]
[EventRounds "11"]
[EventType "swiss"]
[EventDate "2004.05.29"]

1. e4 e5 2. Nf3 Nc6 3. Bc4 Bc5 4. c3 Nf6 5. d4 exd4 6. cxd4 Bb4+ 7. Bd2 Bxd2+
8. Nbxd2 d6 9. Qb3 O-O 10. O-O Na5 11. Qb5 Nxc4 12. Qxc4 Re8 13. e5 dxe5 14.
dxe5 Nd5 15. Ne4 c6 16. Rfd1 Be6 17. Neg5 h6 18. Nxe6 Rxe6 19. Rd2 Qb6 20. Rad1
Rae8 21. Re1 f6 22. Rde2 Kh8 23. exf6 Rxe2 24. Rxe2 Rxe2 25. fxg7+ Kxg7 26.
Qxe2 Qc5 27. h3 Nf6 28. Qe3 Qa5 29. Qe7+ Kg6 30. Qxb7 Qxa2 31. Nh4+ Kg5 32.
Qg7+ Kxh4 33. Qxf6+ Kh5 34. g4# 1-0

[Event "DEM U12/U12w 2004"]
[Site "Willingen GER"]
[Date "2004.05.30"]
[Round "2"]
[White "Schnieber, Jacqueline"]
[Black "Kopp, Nico"]
[Result "1-0"]
[Termination "normal"]
[Board "39"]
[WhiteElo "1140"]
[BlackElo "1336"]
[PlyCount "57"]
[BlackFideId "24608092"]
[EventCountry "GER"]
[EventRounds "11"]
[EventType "swiss"]
[EventDate "2004.05.29"]

1. e4 e6 2. d4 d5 3. exd5 exd5 4. Bd3 Nc6 5. c3 Be6 6. Qf3 Qd7 7. h3 O-O-O 8.
Bf4 Nf6 9. Ne2 h6 10. Bh2 Bd6 11. Bxd6 Qxd6 12. Nd2 Ne7 13. O-O-O a5 14. Nb3 b6
15. Ba6+ Kd7 16. Rhe1 c5 17. dxc5 bxc5 18. Bb5+ Kc7 19. Nf4 Qb6 20. Ba4 Ra8 21.
Nxe6+ fxe6 22. Qg3+ Kd8 23. Qxg7 Neg8 24. Qxh8 Ra7 25. Re2 c4 26. Nd4 e5 27.
Nc6+ Kc7 28. Qg7+ Ne7 29. Rxd5 1-0

[Event "DEM U12/U12w 2004"]
[Site "Willingen GER"]
[Date "2004.05.30"]
[Round "2"]
[White "Dinger, Solvejg"]
[Black "Saak, Saskia"]
[Result "1-0"]
[Termination "normal"]
[Board "40"]
[WhiteElo "1329"]
[BlackElo "1084"]
[PlyCount "99"]
[EventCountry "GER"]
[EventRounds "11"]
[EventType "swiss"]
[EventDate "2004.05.29"]

1. e4 e6 2. Nf3 d5 3. exd5 exd5 4. d4 Bd6 5. Bd3 Nc6 6. Nc3 Nge7 7. Be3 f6 8.
Nh4 O-O 9. Qh5 g6 10. Qf3 Qd7 11. g3 Qe6 12. O-O-O b6 13. Rhe1 Qf7 14. h3 b5
15. a3 Rb8 16. Bh6 Re8 17. Nxd5 Nxd5 18. Rxe8+ Qxe8 19. Qxd5+ Be6 20. Qf3 Na5
21. Re1 Qf7 22. Bd2 Nc4 23. g4 c5 24. Qc6 Rb6 25. Bxc4 Rxc6 26. Bxe6 Qxe6 27.
Rxe6 Kf7 28. Re4 cxd4 29. Rxd4 Be7 30. Nf3 Re6 31. Bb4 Bxb4 32. Rxb4 Re2 33.
Rf4 Ke7 34. Nd4 Re1+ 35. Kd2 Rh1 36. Rf3 Kf7 37. Rc3 Kg7 38. f4 Kh6 39. Ke2 g5
40. fxg5+ fxg5 41. Nf5+ Kg6 42. Rc6+ Kf7 43. Rc7+ Ke6 44. Rxh7 Rh2+ 45. Kd3 Kf6
46. Rh6+ Ke5 47. b3 a5 48. Rh8 Kf4 49. c4 bxc4+ 50. Kxc4 1-0

[Event "DEM U12/U12w 2004"]
[Site "Willingen GER"]
[Date "2004.05.30"]
[Round "2"]
[White "Dannhorn, Anna"]
[Black "Döring, Julia"]
[Result "0-1"]
[Termination "normal"]
[Board "41"]
[WhiteElo "1085"]
[BlackElo "1321"]
[PlyCount "72"]
[EventCountry "GER"]
[EventRounds "11"]
[EventType "swiss"]
[EventDate "2004.05.29"]

1. e4 c5 2. Nf3 d6 3. Bb5+ Bd7 4. Bxd7+ Nxd7 5. O-O g6 6. d3 Bg7 7. Nc3 Ngf6 8.
Bf4 O-O 9. Re1 Rc8 10. h3 Qc7 11. d4 cxd4 12. Nxd4 a6 13. Qd3 e5 14. Bg5 exd4
15. Bxf6 Nxf6 16. Qxd4 Rfe8 17. f3 Nxe4 18. Qd3 Qc5+ 19. Kh1 Nf2+ 20. Kh2 Nxd3
21. Rxe8+ Rxe8 22. cxd3 Bxc3 23. bxc3 Qxc3 24. Rd1 Re2 25. a4 Qc2 26. Rg1 Qxd3
27. a5 Qxf3 28. Kh1 Qf2 29. Kh2 d5 30. Kh1 d4 31. Kh2 d3 32. Kh1 d2 33. Kh2
Qxg1+ 34. Kxg1 d1=Q+ 35. Kh2 Qf1 36. h4 Qxg2# 0-1

[Event "DEM U12/U12w 2004"]
[Site "Willingen GER"]
[Date "2004.05.30"]
[Round "2"]
[White "Kohm, Vanessa"]
[Black "Eckoldt, Katja"]
[Result "0-1"]
[Termination "normal"]
[Board "42"]
[WhiteElo "1315"]
[BlackElo "1056"]
[PlyCount "84"]
[WhiteFideId "4674472"]
[EventCountry "GER"]
[EventRounds "11"]
[EventType "swiss"]
[EventDate "2004.05.29"]

1. e4 c5 2. Nf3 d6 3. d4 cxd4 4. Nxd4 Nf6 5. Nc3 e5 6. Nf3 Be7 7. Bc4 O-O 8.
O-O a6 9. Re1 b5 10. Bd5 Nxd5 11. Qxd5 Ra7 12. Be3 Rd7 13. Rad1 Bb7 14. Qb3 Nc6
15. Nd5 Na5 16. Qb4 Bxd5 17. Rxd5 Nc4 18. a4 Nxe3 19. Rxe3 bxa4 20. Qxa4 Rb7
21. b3 Qb6 22. Nd2 Rc8 23. Nc4 Qc6 24. Qa1 Rb5 25. Red3 Rxd5 26. Rxd5 Qb7 27.
Qd1 g6 28. g3 Qb4 29. Qa1 a5 30. Rxa5 Qb7 31. Ra7 Qxe4 32. Rxe7 Qxc2 33. Nxd6
Rd8 34. Re8+ Rxe8 35. Nxe8 Qxb3 36. Nf6+ Kg7 37. Qxe5 Qf3 38. Ne8+ Kh6 39. Qg7+
Kg5 40. h4+ Kg4 41. Nf6+ Kh3 42. Kf1 Qd1# 0-1

[Event "DEM U12/U12w 2004"]
[Site "Willingen GER"]
[Date "2004.05.30"]
[Round "2"]
[White "Hort, Maria"]
[Black "Prosch, Julia"]
[Result "1-0"]
[Termination "normal"]
[Board "43"]
[WhiteElo "1082"]
[BlackElo "1300"]
[PlyCount "43"]
[EventCountry "GER"]
[EventRounds "11"]
[EventType "swiss"]
[EventDate "2004.05.29"]

1. e4 c5 2. Nf3 Nc6 3. Bc4 g6 4. d3 Bg7 5. Bf4 Bxb2 6. Nbd2 Bxa1 7. Qxa1 Nf6 8.
O-O O-O 9. Bh6 Re8 10. a3 e5 11. h3 d5 12. exd5 Nxd5 13. Ne4 Nb6 14. Nxc5 Nxc4
15. dxc4 Nd4 16. Qd1 Nxf3+ 17. Qxf3 Qb6 18. a4 f5 19. Qd5+ Kh8 20. Qf7 Rg8 21.
a5 Qxc5 22. Qf6+ 1-0

[Event "DEM U12/U12w 2004"]
[Site "Willingen GER"]
[Date "2004.05.30"]
[Round "2"]
[White "Dalakian, Haroutioun"]
[Black "Zuyeva, Lisa"]
[Result "1-0"]
[Termination "normal"]
[Board "44"]
[WhiteElo "1294"]
[BlackElo "1028"]
[PlyCount "87"]
[WhiteFideId "24632058"]
[EventCountry "GER"]
[EventRounds "11"]
[EventType "swiss"]
[EventDate "2004.05.29"]

1. e4 e5 2. Nf3 Nc6 3. Bb5 Nf6 4. O-O Bc5 5. c3 a6 6. Bxc6 bxc6 7. Nxe5 Nxe4 8.
Qe2 d5 9. Nxc6 Qf6 10. Na5 O-O 11. d4 Bb6 12. Nb3 Qg6 13. f3 Nd6 14. Re1 Bf5
15. N1d2 Rfe8 16. Qf2 Rxe1+ 17. Qxe1 Re8 18. Qg3 Qe6 19. Qf2 Bd3 20. Nc5 Bxc5
21. dxc5 Nf5 22. g3 Qf6 23. c6 h6 24. Nb3 Re2 25. Qc5 Re1+ 26. Kg2 Qg6 27. Bf4
Re7 28. Nd4 Qh5 29. g4 Nh4+ 30. Kg3 Nf5+ 31. Nxf5 Qxf5 32. gxf5 Re2 33. Bxc7
Bxf5 34. Qxd5 Be6 35. Qd8+ Kh7 36. Qd3+ g6 37. Qxe2 h5 38. Qxe6 fxe6 39. Be5 g5
40. c7 h4+ 41. Kg4 a5 42. c8=Q a4 43. Kxg5 a3 44. Qh8# 1-0

[Event "DEM U12/U12w 2004"]
[Site "Willingen GER"]
[Date "2004.05.30"]
[Round "2"]
[White "Rummer, Bärbel"]
[Black "Stognief, Ole"]
[Result "0-1"]
[Termination "normal"]
[Board "45"]
[WhiteElo "1054"]
[BlackElo "1292"]
[PlyCount "92"]
[WhiteFideId "12900109"]
[EventCountry "GER"]
[EventRounds "11"]
[EventType "swiss"]
[EventDate "2004.05.29"]

1. e4 c6 2. d4 d5 3. exd5 cxd5 4. Bd3 Nc6 5. c3 e6 6. Nf3 Bd6 7. O-O Nf6 8. Bg5
O-O 9. Nbd2 Bd7 10. Re1 Re8 11. h3 e5 12. dxe5 Nxe5 13. Nxe5 Bxe5 14. Nf3 Bd6
15. Rxe8+ Bxe8 16. Qb3 Bc6 17. Re1 Bc7 18. Ne5 Bxe5 19. Rxe5 Qd6 20. Re3 b6 21.
Bb5 Bxb5 22. Qxb5 h6 23. Bxf6 Qxf6 24. Qxd5 Rd8 25. Qf3 Qxf3 26. Rxf3 Rd2 27.
b4 Rxa2 28. Rd3 Ra3 29. Rd8+ Kh7 30. Rd7 f6 31. c4 a5 32. Ra7 axb4 33. Rxa3
bxa3 34. Kf1 a2 35. Ke2 a1=Q 36. Kd3 Qa3+ 37. Kd4 Qc5+ 38. Kc3 b5 39. Kc2 Qxc4+
40. Kd2 b4 41. f3 b3 42. Ke1 Qc2 43. Kf1 b2 44. Kg1 b1=R+ 45. Kh2 Qc7+ 46. g3
Qc2# 0-1

[Event "DEM U12/U12w 2004"]
[Site "Willingen GER"]
[Date "2004.05.30"]
[Round "2"]
[White "Pfefferkorn, Adrian"]
[Black "Oat, Daniela"]
[Result "1-0"]
[Termination "normal"]
[Board "46"]
[WhiteElo "1285"]
[BlackElo "943"]
[PlyCount "55"]
[EventCountry "GER"]
[EventRounds "11"]
[EventType "swiss"]
[EventDate "2004.05.29"]

1. e4 c5 2. Nf3 Nc6 3. d4 cxd4 4. Nxd4 d6 5. Nc3 g6 6. Be3 Bg7 7. Qd2 Bd7 8. f3
Nf6 9. O-O-O O-O 10. g4 Qa5 11. Kb1 Nxd4 12. Bxd4 Be6 13. h4 Rab8 14. h5 b5 15.
b3 b4 16. Ne2 d5 17. e5 Nd7 18. f4 Bxg4 19. hxg6 fxg6 20. Qe3 Rb7 21. Bh3 Bxe2
22. Be6+ Kh8 23. Qxe2 Rxf4 24. Qh2 h5 25. Qxf4 Nc5 26. Bxd5 Rb6 27. Qf7 Rb8 28.
Rxh5+ 1-0

[Event "DEM U12/U12w 2004"]
[Site "Willingen GER"]
[Date "2004.05.30"]
[Round "2"]
[White "Khitov, Roman"]
[Black "Tantzen, Cedric"]
[Result "1-0"]
[Termination "normal"]
[Board "47"]
[WhiteElo "957"]
[BlackElo "1266"]
[PlyCount "67"]
[BlackFideId "24640018"]
[EventCountry "GER"]
[EventRounds "11"]
[EventType "swiss"]
[EventDate "2004.05.29"]

1. e4 e5 2. Nf3 Nc6 3. d4 exd4 4. Nxd4 Bc5 5. Be3 Bxd4 6. Bxd4 Nf6 7. Nc3 d6 8.
Bc4 O-O 9. f3 Bd7 10. Qd3 Nb4 11. Qd2 c5 12. Be3 Re8 13. O-O-O Be6 14. Bxe6
Rxe6 15. Bxc5 Nc6 16. Bxd6 Ne8 17. Bg3 Qxd2+ 18. Rxd2 Nf6 19. Rhd1 h6 20. Rd6
Rxd6 21. Rxd6 a5 22. Bh4 Nh7 23. Rd7 g5 24. Bg3 Nd8 25. Bc7 Ne6 26. Nd5 Nhf8
27. Rd6 Nxc7 28. Nxc7 Rc8 29. Nd5 Ne6 30. Ne7+ Kg7 31. Nxc8 Nf4 32. c4 Nxg2 33.
c5 Ne3 34. Rb6 1-0